000 00717nam a22002177a 4500
003 UA-OsUOA
001 115749
007 ta
008 20160118b un ||||| |||| 00| 0 ukr d
100 _aБублик С.Г.
090 _a32
_bБ90
942 _cSA
040 _aUA-OsUOA
_bukr
_cUA-OsUOA
_dUA-OsUOA
245 _aПро можливості застосування лінгвостатистичних підходів до аналізу державної науково-технологічної політики
300 _aС.22-30
955 _a0
041 _aukr
080 _a32
773 0 _w115746
_tНаука та наукознавство
_dК.
_d2015
_g3
650 7 _a32 Політика
_2UDC
999 _c401564
_d401564